Suid-Afrikaanse Handelsreg / (Record no. 741)

MARC details
000 -LEADER
fixed length control field 00542nam a22001817a 4500
005 - DATE AND TIME OF INPUT
control field 20231116143542.0
008 - DATA ELEMENTS--GENERAL INFORMATION
fixed length control field 231116b |||||||| |||| 00| 0 eng d
020 ## - INTERNATIONAL STANDARD BOOK NUMBER
International Standard Book Number 0628013280
041 ## - LANGUAGE CODE
Language code of text English
082 ## - SHELF NUMBER
DDC number 343.8 SUI
100 ## - MAIN AUTHOR
Language of a work Afrikaans
245 ## - TITLE STATEMENT
Title Suid-Afrikaanse Handelsreg /
Statement of responsibility, etc. redakteur SR Van Jaarsveld
250 ## - EDITION STATEMENT
Edition statement Eerste Uitgawe
260 ## - PUBLICATION, DISTRIBUTION, ETC.
Place of publication, distribution, etc. Johannesburg :
Name of publisher, distributor, etc. Lex Patria-Uitgewery,
Date of publication, distribution, etc. 1978
300 ## - PHYSICAL DESCRIPTION
Other physical details xix, 1050 pages ;
Dimensions 26 cm.
650 ## - SUBJECT`
Broad subject Legal practice
Own subject terms Law
942 ## - ADDED ENTRY ELEMENTS (KOHA)
Item type Books
942 ## - ADDED ENTRY ELEMENTS (KOHA)
-- ALISON_BN_VRIES
Holdings
Source of classification or shelving scheme Not for loan Collection code Home library Current library Shelving location Date acquired Full call number Barcode Price effective from Koha item type
Dewey Decimal Classification   TEXT BOOKS LAW SOCIETY OF NAMIBIA LIBRARY - WINDHOEK LAW SOCIETY OF NAMIBIA LIBRARY - WINDHOEK The law of South Africa (laws) 11/16/2023 343.8 SUI LSN/1986/80 11/16/2023 Books